000 00256nam a2200097 4500
245 _aBernard Shaw
_cby Bernard F. Dukore.
100 _aDukore, Bernard. F.
260 _aLondon
_bGeorge Allen & Unwin
_c1971
300 _a199p.; 22 cm.
082 _a927.920233
_bSHA/DUK
999 _c864
_d864